Statistics for Most Popular Pizza Toppings

Click here to take the quiz!

General Stats

  • This quiz has been taken 246 times
  • The average score is 7 of 10

Answer Stats

RankTopping% Correct
2Cheese
98%
1Pepperoni
89%
3Pineapple
81%
7Ham
78%
6Mushroom
78%
5Sausage
60%
4Bacon
54%
8Chicken
54%
10Olives
46%
9Onions
36%

Score Distribution

Percentile by Number Answered

Percent of People with Each Score

Your Score History

You have not taken this quiz